[Event "Pardubice Czech op-A 32nd"]
[Site "Pardubice"]
[Date "2021.07.26"]
[Round "4"]
[White "Fuchs, Florian"]
[Black "Levitan, Tal"]
[Result "1/2-1/2"]
[WhiteElo "2328"]
[BlackElo "2160"]
[PlyCount "76"]
[EventDate "2021.07.23"]
[EventType "swiss"]
[EventRounds "9"]
[EventCountry "CZE"]
[SourceTitle "CBM 203 Extra"]
[Source "ChessBase"]
[SourceDate "2021.09.30"]
[SourceVersion "1"]
[SourceVersionDate "2021.09.30"]
[SourceQuality "1"]

1. e4 e5 2. Nf3 Nc6 3. Bb5 a6 4. Ba4 Nf6 5. 0-0 Nxe4 6. d4 b5 7. Bb3 d5 8. dxe5 Be6 9. Qe2 Be7 10. Rd1 0-0 11. c4 bxc4 12. Bxc4 Bc5 13. Be3 Bxe3 14. Qxe3 Qb8 15. Bb3 Na5 16. Nbd2 Qa7 17. Nxe4 Qxe3 18. fxe3 Nxb3 19. axb3 dxe4 20. Nd4 c5 21. Nc6 Bxb3 22. Rd6 a5 23. Rxa5 Rxa5 24. Nxa5 Be6 25. Nb7 c4 26. Nc5 Rb8 27. Rd4 Kf8 28. Nxe6+ fxe6 29. Rxc4 Rxb2 30. Rxe4 Kf7 31. h3 h5 32. Kh2 g5 33. h4 Kg6 34. hxg5 Kxg5 35. Kg3 Rb5 36. Kf3 Ra5 37. Kg3 Rb5 38. Kf3 Ra5 1/2-1/2

[Event "GER Cup final"]
[Site "Magdeburg"]
[Date "2020.08.21"]
[Round "4"]
[White "Fuchs, Florian"]
[Black "Tiarks, Jann Christian"]
[Result "1-0"]
[WhiteElo "2326"]
[BlackElo "2159"]
[PlyCount "115"]
[EventDate "2020.08.20"]
[EventType "swiss"]
[EventRounds "5"]
[EventCountry "GER"]
[SourceTitle "EXT 2022"]
[Source "ChessBase"]
[SourceDate "2021.10.06"]
[SourceVersion "1"]
[SourceVersionDate "2021.10.06"]
[SourceQuality "1"]

1. e4 c5 2. Nf3 d6 3. d4 cxd4 4. Nxd4 Nf6 5. Nc3 a6 6. h4 e5 7. Nb3 Be7 8. Bg5 Be6 9. Bxf6 Bxf6 10. g3 0-0 11. Qd2 Nc6 12. Nd5 Rc8 13. 0-0-0 g6 14. Kb1 Bg7 15. h5 Ne7 16. Ne3 Nc6 17. Bh3 Qf6 18. Qe2 Rcd8 19. c3 Ne7 20. Bg2 b5 21. Rd2 Rd7 22. Rhd1 Rfd8 23. Na1 Bh6 24. Nac2 Nc8 25. Nd5 Bxd5 26. Rxd5 Nb6 27. R5d3 Bf8 28. Ne3 Bg7 29. Bh3 Rb7 30. Ka1 a5 31. Nd5 Nxd5 32. Rxd5 Rb6 33. Kb1 Rdb8 34. Bg2 Bf8 35. Bh3 R8b7 36. Bc8 Rc7 37. Bh3 Rcb7 38. R1d3 Rc7 39. Rd2 a4 40. a3 Qg5 41. hxg6 hxg6 42. Rd1 Rcb7 43. Qf3 Qe7 44. Bf1 Qc7 45. Bd3 Qb8 46. Qg4 Bg7 47. Ka1 Rc7 48. Bb1 Rcc6 49. Ba2 Qc7 50. R5d3 b4 51. cxb4 Rc1+ 52. Bb1 Rbc6 53. Qe2 Bh6 54. Rxc1 Bxc1 55. Rd1 Rc3 56. Rd3 Qc4 57. bxc3 Qb3 58. Qa2 1-0

[Event "GER Cup final"]
[Site "Magdeburg"]
[Date "2020.08.20"]
[Round "2"]
[White "Meyer, Thomas"]
[Black "Fuchs, Florian"]
[Result "0-1"]
[WhiteElo "1948"]
[BlackElo "2326"]
[PlyCount "66"]
[EventDate "2020.08.20"]
[EventType "swiss"]
[EventRounds "5"]
[EventCountry "GER"]
[SourceTitle "EXT 2022"]
[Source "ChessBase"]
[SourceDate "2021.10.06"]
[SourceVersion "1"]
[SourceVersionDate "2021.10.06"]
[SourceQuality "1"]

1. c4 Nf6 2. Nc3 g6 3. e4 d6 4. d4 Bg7 5. f3 0-0 6. Be3 a6 7. Bd3 Nfd7 8. Nge2 c5 9. d5 Ne5 10. 0-0 Nbd7 11. Qd2 Nxd3 12. Qxd3 Ne5 13. Qc2 Nxc4 14. Bf2 b5 15. a4 Bd7 16. b3 Na5 17. Ra2 b4 18. Nd1 c4 19. Nc1 Rc8 20. bxc4 Rxc4 21. Qb1 b3 22. Ra3 Rxa4 23. Rxb3 Ra1 24. Qc2 Rxc1 25. Qxc1 Nxb3 26. Qa3 Nd2 27. Re1 Bb5 28. Nc3 Nc4 29. Qb4 Qa5 30. Qxa5 Nxa5 31. Nxb5 axb5 32. Bb6 Nc4 33. Rb1 Nxb6 0-1

[Event "Vienna op"]
[Site "Vienna"]
[Date "2019.08.19"]
[Round "4"]
[White "Peralta, Fernando"]
[Black "Fuchs, Florian"]
[Result "1-0"]
[WhiteElo "2572"]
[BlackElo "2235"]
[PlyCount "83"]
[EventDate "2019.08.17"]
[EventType "swiss"]
[EventRounds "9"]
[EventCountry "AUT"]
[SourceTitle "EXT 2020"]
[Source "ChessBase"]
[SourceDate "2019.10.17"]
[SourceVersion "1"]
[SourceVersionDate "2019.10.17"]
[SourceQuality "1"]

1. d4 Nf6 2. c4 g6 3. Nc3 Bg7 4. e4 d6 5. Be2 0-0 6. Be3 e5 7. d5 Na6 8. Nf3 Ng4 9. Bg5 f6 10. Bh4 g5 11. Bg3 Nh6 12. Nd2 f5 13. exf5 Nxf5 14. Nde4 c5 15. 0-0 Nc7 16. a3 a5 17. Rb1 b6 18. Re1 Ne8 19. b4 axb4 20. axb4 Bf6 21. Nb5 Neg7 22. h3 Be7 23. Qd2 h5 24. Ra1 Rxa1 25. Rxa1 Qe8 26. bxc5 bxc5 27. Ra7 g4 28. hxg4 hxg4 29. Bd3 Qh5 30. Rc7 Ba6 31. Rxe7 Nxe7 32. Nbxd6 Nef5 33. Bxe5 g3 34. Nxg3 Nxg3 35. Bxg3 Qg4 36. Be5 Qh5 37. Qe3 Qd1+ 38. Bf1 Qh5 39. Qg3 Qh6 40. Qa3 Bc8 41. Qxc5 Bg4 42. Qd4 1-0

[Event "Wunsiedel op 12th"]
[Site "Wunsiedel"]
[Date "2018.05.21"]
[Round "8"]
[White "Gasthofer, Viktor"]
[Black "Fuchs, Florian"]
[Result "1-0"]
[WhiteElo "2298"]
[BlackElo "2261"]
[PlyCount "46"]
[EventDate "2018.05.17"]
[EventType "swiss"]
[EventRounds "9"]
[EventCountry "GER"]
[SourceTitle "CBM 184 Extra"]
[Source "ChessBase"]
[SourceDate "2018.06.28"]
[SourceVersion "1"]
[SourceVersionDate "2018.06.28"]
[SourceQuality "1"]

1. Nf3 Nf6 2. c4 g6 3. Nc3 Bg7 4. g3 0-0 5. Bg2 d6 6. d4 Nc6 7. 0-0 a6 8. Qd3 Nd7 9. b3 e5 10. dxe5 Ndxe5 11. Nxe5 dxe5 12. Qxd8 Rxd8 13. Nd5 Nd4 14. Bg5 Nxe2+ 15. Kh1 Rd7 16. Rae1 Nd4 17. Nf6+ Bxf6 18. Bxf6 Ne6 19. Rxe5 Rb8 20. Rfe1 Rd2 21. Rd5 Rxd5 22. cxd5 Nf8 23. Re8 Ra8 1-0

[Event "GER-ch 88th"]
[Site "Apolda"]
[Date "2017.06.29"]
[Round "7"]
[White "Bischoff, Klaus"]
[Black "Fuchs, Florian"]
[Result "1-0"]
[WhiteElo "2504"]
[BlackElo "2335"]
[PlyCount "79"]
[EventDate "2017.06.23"]
[EventType "swiss"]
[EventRounds "9"]
[EventCountry "GER"]
[SourceTitle "CBM 179 Extra"]
[Source "ChessBase"]
[SourceDate "2017.08.23"]
[SourceVersion "1"]
[SourceVersionDate "2017.08.23"]
[SourceQuality "1"]

1. d4 Nf6 2. c4 e6 3. Nf3 Bb4+ 4. Bd2 c5 5. Bxb4 cxb4 6. a3 bxa3 7. Rxa3 0-0 8. Nc3 b6 9. d5 exd5 10. cxd5 d6 11. g3 Bb7 12. Bg2 b5 13. Nxb5 Bxd5 14. Rd3 Bc6 15. Nxd6 Qa5+ 16. Rd2 Nbd7 17. 0-0 Rab8 18. Qa1 Qb4 19. Rfd1 a5 20. Nf5 Rfe8 21. N5d4 Be4 22. Ne1 Ne5 23. b3 h5 24. Ra2 Bxg2 25. Nxg2 Ra8 26. Ra4 Qb6 27. b4 Nc6 28. bxa5 Nxa5 29. Nf4 h4 30. Rb1 Qd8 31. Rbb4 hxg3 32. hxg3 Nd7 33. Nh5 Qg5 34. Rb5 Ne5 35. Nf4 Red8 36. Raxa5 Rxa5 37. Rxa5 Rxd4 38. Ra8+ Rd8 39. Rxd8+ Qxd8 40. Qxe5 1-0

[Event "GER-ch 87th"]
[Site "Luebeck"]
[Date "2016.10.29"]
[Round "9"]
[White "Hirneise, Jens"]
[Black "Fuchs, Florian"]
[Result "1-0"]
[WhiteElo "2324"]
[BlackElo "2290"]
[PlyCount "77"]
[EventDate "2016.10.21"]
[EventType "swiss"]
[EventRounds "9"]
[EventCountry "GER"]
[SourceTitle "EXT 2018"]
[Source "ChessBase"]
[SourceDate "2017.10.13"]
[SourceVersion "1"]
[SourceVersionDate "2017.10.13"]
[SourceQuality "1"]

1. e4 c5 2. Nf3 Nc6 3. d4 cxd4 4. Nxd4 Nf6 5. Nc3 d6 6. Bg5 e6 7. Qd2 a6 8. 0-0-0 Qb6 9. Nb3 Be7 10. Kb1 0-0 11. f3 Rd8 12. Be3 Qc7 13. Bd3 b5 14. Qf2 Rb8 15. g4 Ne5 16. g5 Nfd7 17. h4 Nc4 18. Ba7 Ra8 19. Bd4 Ndb6 20. h5 b4 21. g6 fxg6 22. hxg6 h6 23. Bxg7 Kxg7 24. Rxh6 Rg8 25. Qh2 Na3+ 26. Ka1 e5 27. Rh7+ Kf8 28. Rf7+ Ke8 29. Qh7 Rxg6 30. Qxg6 Nxc2+ 31. Bxc2 bxc3 32. Rh1 cxb2+ 33. Kb1 Bh3 34. Rxh3 Qc4 35. Rxe7+ Kxe7 36. Rh7+ Kd8 37. Qxd6+ Kc8 38. Rh8+ Kb7 39. Na5+ 1-0

[Event "Vienna op-A"]
[Site "Vienna"]
[Date "2016.08.23"]
[Round "9"]
[White "Fuchs, Florian"]
[Black "Carow, Johannes"]
[Result "1/2-1/2"]
[WhiteElo "2274"]
[BlackElo "2423"]
[PlyCount "56"]
[EventDate "2016.08.16"]
[EventType "swiss"]
[EventRounds "9"]
[EventCountry "AUT"]
[SourceTitle "CBM 173 Extra"]
[Source "ChessBase"]
[SourceDate "2016.08.29"]
[SourceVersion "1"]
[SourceVersionDate "2016.08.29"]
[SourceQuality "1"]

1. e4 c5 2. Nf3 e6 3. Nc3 a6 4. d4 cxd4 5. Nxd4 Qc7 6. Bd3 Nf6 7. f4 d6 8. Qf3 Nbd7 9. g4 h6 10. Qh3 e5 11. Nf5 Nc5 12. g5 Nfxe4 13. Nxe4 Nxd3+ 14. cxd3 g6 15. Nf6+ Kd8 16. Qg2 Bxf5 17. Nd5 Qc6 18. Bd2 Be6 19. Ba5+ Kc8 20. Nb6+ Kb8 21. Qxc6 bxc6 22. Nxa8 Kxa8 23. Bc3 Bd5 24. 0-0 hxg5 25. fxe5 Rh3 26. Rae1 dxe5 27. Rxe5 Bd6 28. Rxd5 cxd5 1/2-1/2

[Event "Pardubice Czech op-A 27th"]
[Site "Pardubice"]
[Date "2016.07.29"]
[Round "8"]
[White "Nasuta, Grzegorz"]
[Black "Fuchs, Florian"]
[Result "1-0"]
[WhiteElo "2417"]
[BlackElo "2274"]
[PlyCount "97"]
[EventDate "2016.07.22"]
[EventType "swiss"]
[EventRounds "9"]
[EventCountry "CZE"]
[SourceTitle "CBM 173 Extra"]
[Source "ChessBase"]
[SourceDate "2016.08.29"]
[SourceVersion "1"]
[SourceVersionDate "2016.08.29"]
[SourceQuality "1"]

1. e4 c5 2. Nf3 Nc6 3. Bb5 g6 4. Bxc6 dxc6 5. d3 Bg7 6. h3 Nf6 7. Nc3 0-0 8. 0-0 b6 9. Be3 e5 10. a4 a5 11. Qd2 Qd6 12. Bh6 Nh5 13. Ne2 f6 14. b3 Ra7 15. Rae1 g5 16. Bxg7 Nxg7 17. Ng3 h5 18. h4 Bg4 19. Qe3 Qd8 20. hxg5 Bxf3 21. g6 Bxg2 22. Kxg2 Ne6 23. Nxh5 f5 24. Rh1 fxe4 25. dxe4 Nf4+ 26. Nxf4 Qg5+ 27. Qg3 Qxf4 28. Qxf4 Rxf4 29. Rh6 Rd7 30. Re2 c4 31. bxc4 Rd4 32. f3 Rxc4 33. Rd2 Kg7 34. Rh5 Rf6 35. Rxe5 Rxg6+ 36. Kf2 Rxa4 37. f4 Rc4 38. f5 Rg4 39. Kf3 Rh4 40. Re7+ Kf8 41. f6 Rc3+ 42. Rd3 Rxd3+ 43. cxd3 a4 44. e5 Rd4 45. Ra7 Rd5 46. Ke4 Ra5 47. Rxa5 bxa5 48. Kd4 c5+ 49. Kc3 1-0